Enseñar ciencias sociales /

Guardado en:
Autor Principal: Finocchio, Silvia
Otros Autores: García, Patricia / Segal, Analía
Formato: Libro
Publicado: Buenos Aires : Troquel / Flacso, 1993
Series:Acci¢n
Materias:
Etiquetas: Agregar Etiqueta
Sin Etiquetas, Sea el primero en etiquetar este registro!
LEADER 01048nam a22002175a 4500
001 CEM.cems008529
005 20060214000000.0
008 130507s1993##################000#0#####d
003 CEMS
082 0 4 |a 372.83 
100 1 |a Finocchio, Silvia 
245 1 0 |a Enseñar ciencias sociales / 
260 |a Buenos Aires :  |b Troquel / Flacso,  |c 1993 
300 |a 166 p. 
490 0 |a Acci¢n 
505 0 |a Hacia una enseñanza consciente de las cs. sociales. Criterios para revisar la enseñanza de las cs. sociales, por A. Segal/G. Iaies. Qu‚ ense¤amos cu ndo ense¤amos cs. sociales, por S. Finocchio. Construyendo un paradigma para la ensenanza de las cs. sociales, por Finocchio/Garc¡a. Las ideas de los adolescentes en la enseñanza de las cs. sociales, por Segal/ Iaies. La evaluaci¢n en la enseñanza de las cs. sociales, por Finocchio.- 
653 |a C. basico 1994 
653 |a Didactica de las ciencias soci 
653 |a Educacion 
700 1 |a García, Patricia / Segal, Analía 
859 |a CEMS  |b BIB. CEMS - 11 de abril  |h 372.83  |i F498  |p 18012.94  |t Ej.1